Catálogo

Matrimonio y familia / (Registro nro. 62909)

Detalles MARC
000 -LEADER
fixed length control field 00877nam a2200265 a 4500
001 - CONTROL NUMBER
control field 62909
005 - DATE AND TIME OF LATEST TRANSACTION
control field 20180714065122.0
008 - FIXED-LENGTH DATA ELEMENTS--GENERAL INFORMATION
fixed length control field 150615s2012 sp r 000 0 spa d
020 ## - INTERNATIONAL STANDARD BOOK NUMBER
International Standard Book Number 9788432136221
041 ## - LANGUAGE CODE
Language code of text/sound track or separate title spa
082 0# - DEWEY DECIMAL CLASSIFICATION NUMBER
Classification number 240
Item number MIR
100 1# - MAIN ENTRY--PERSONAL NAME
Personal name Miras, Jorge,
Relator term autor
245 10 - TITLE STATEMENT
Title Matrimonio y familia /
Statement of responsibility, etc. Jorge Miras, Juan Ignacio Bañares.
250 ## - EDITION STATEMENT
Edition statement Sexta edición
264 #1 - PRODUCTION, PUBLICATION, DISTRIBUTION, MANUFACTURE, AND COPYRIGHT NOTICE
Place of production, publication, distribution, manufacture Madrid, España :
Name of producer, publisher, distributor, manufacturer Ediciones Rialp,
Date of production, publication, distribution, manufacture, or copyright notice 2012
300 ## - PHYSICAL DESCRIPTION
Extent 203 páginas ;
Dimensions 21 cm.
336 ## - CONTENT TYPE
Content type term texto
Source rdacontent
337 ## - MEDIA TYPE
Media type term sin mediación
Source rdamedia
338 ## - CARRIER TYPE
Carrier type term volumen
Source rdacarrier
490 0# - SERIES STATEMENT
Series statement Biblioteca de iniciación teológica
Volume/sequential designation 19
650 #4 - SUBJECT ADDED ENTRY--TOPICAL TERM
Topical term or geographic name entry element Educación cristiana
General subdivision Matrimonio
650 #4 - SUBJECT ADDED ENTRY--TOPICAL TERM
Topical term or geographic name entry element Familia cristiana
General subdivision Matrimonio
-- Educación
700 1# - ADDED ENTRY--PERSONAL NAME
Personal name Bañares, Juan Ignacio,
Relator term autor
740 0# - ADDED ENTRY--UNCONTROLLED RELATED/ANALYTICAL TITLE
Uncontrolled related/analytical title Matrimonio y familia. Iniciación Teológica
Existencias
Withdrawn status Lost status Source of classification or shelving scheme Damaged status Not for loan Collection code Home library Current library Shelving location Date acquired Source of acquisition Inventory number Total Checkouts Full call number Barcode Date last seen Date last checked out Price effective from Koha item type
    Dewey Decimal Classification     General Biblioteca Karol Wojtyla Biblioteca Karol Wojtyla Sala general 15/06/2015 Compra 151000000000000000056828 1 240 MIR 2012 94090 20/11/2018 24/10/2018 02/06/2016 Libro